Państwa graniczące z jednym państwem. - Statystyki

Ogólne statystyki
  • Ten quiz został rozwiązany 163 razy
  • Średni wynik to 13 z 16
Statystyki odpowiedzi
Hint Odpowiedź % Poprawnych
Graniczy z Wielką Brytanią Irlandia
97%
Graniczy z Francją Monako
93%
Graniczy z Hiszpanią Portugalia
93%
Graniczy z Włochami Watykan
93%
Graniczy z Irlandią Wielka Brytania
93%
Graniczy z Włochami San marino
92%
Graniczy z Koreą Północną Korea Południowa
91%
Graniczy z Arabią Saudyjską Katar
87%
Graniczy z Haiti Dominikana
81%
Graniczy z Dominikaną Haiti
80%
Graniczy z RPA Lesotho
80%
Graniczy z Indonezją Timor Wschodni
72%
Graniczy z Arabią Saudyjską Bahrajn
69%
Graniczy z Malezją Brunei
69%
Graniczy z Indonezją Papua Nowa Gwinea
68%
Graniczy z Senegalem Gambia
67%
Nie znaleziono quizów pasujących do podanych kryteriów
Rozkład punktacji
Procent ludzi z każdym wynikiem
Percentyl według liczby udzielonych odpowiedzi
Twoja historia wyników
Nie rozwiązałeś tego quizu